MARC

LEADER 00000ny a22000003n 4500
003 EbpS
005 20110511111255.0
006 m d ||||||
007 cr anunnnuuuaa
008 850214c19859999inu p wg 0 eng d
022 |a 8756-8160 
035 |a 2888 
040 |d vLex 
050 0 0 |a KF480.A15  |b I87 
050 0 0 |a KF480.A15  |b I87 
090 |c 1628  |d 1628 
245 0 0 |a Issues in law & medicine  |h [Recurso electrn̤ico] 
246 3 0 |a Issues in law and medicine 
256 |a Servicio en ln̕ea 
260 |a Terre Haute, IN :  |b National Legal Center for the Medically Dependent & Disabled, and the Horatio R. Storer Foundation, Inc., 
310 |a Quarterly,  |b summer 1987- 
500 |a Title from cover 
506 1 |a Contenido solo disponible en los productos indicados  |d vLex Global  |d vLex Global (Academic Edition, excluding Law Schools)  |d vLex Global (Academic Edition, Law Schools) 
550 |a A publication of: the National Legal Center for the Medically Dependent and Disabled, Inc., and: the Horatio R. Storer Foundation, Inc 
650 0 4 |a Discapacitados  |x Asistencia sanitaria  |z Estados Unidos  |x Publicaciones perid̤icas 
650 0 4 |a Discapacitados  |x Derecho  |z Estados Unidos  |x Publicaciones perid̤icas 
650 0 4 |a Medicina  |x Derecho  |z Estados Unidos  |x Publicaciones perid̤icas 
650 0 4 |a Health 
650 0 4 |a Health & Law 
650 0 4 |a Health and Medicine 
650 0 4 |a Government 
650 0 4 |a Law 
710 2 |a Horatio R. Storer Foundation 
710 2 |a National Legal Center for the Medically Dependent & Disabled (U.S.) 
740 0 |a vLex Revista (Servicios en ln̕ea) 
843 |a Electrn̤ica. Abierta 
853 |8 1  |i (year)  |j (month)  |k (day) 
856 4 0 |u http://vlex.com/source/2888  |z Acceso restringido 
942 |c REV 
999 0 |a Developmentally disabled  |z United States  |v Periodicals 
999 0 |a Medical laws and legislation  |z United States  |v Periodicals 
999 0 |a People with disabilities  |z United States  |v Periodicals 
999 0 |a People with disabilities  |z United States  |v Periodicals 
999 0 |a Civil Rights  |v Periodicals 
999 0 |a Disabled  |v Periodicals 
999 0 |a Jurisprudence  |z United States  |v Periodicals 
999 0 |a Legislation, Medical  |z United States  |v Periodicals 
999 0 |a Patient Advocacy  |v Periodicals